Представление документа в формате RUSMARC

ПолеНазваниеЗначение
  Тип записи a
  Библиографический уровень m
001 Контрольный номер RU/SLIB/B/208746358
005 Дата корректировки 20260520112247.1
010 Индекс ISBN __
d Цена 500-00, 0-60
101 Язык документа 0_
a Язык текста rus
200 Заглавие и сведения об ответственности 1_
a Заглавие Кружок вязания крючком
e Сведения, относящиеся к заглавию пособие для учителя
f Первые сведения об ответственности Еременко Т. И. ; рец.: Е. С. Лихалатова, А. В. Касаткина ; худож.: А. Толмачев, В. Лажков
b Общее обозначение материала Текст
210 Выходные данные 1_
a Место издания М.
c Издательство Просвещение
d Дата издания 1984
215 Физическое описание __
a Объем 143 с., [8] отд. л. ил.
c Иллюстрации/тип воспроизводства рис.
300 Общие примечания __
a Общие примечания [Рец. указ. на обороте тит. л.]
a Общие примечания Худож. указ. в вых. данных
606 Тематические рубрики __
a Основная рубрика Образование. Педагогика
606 Тематические рубрики __
a Основная рубрика Методика преподавания учебных предметов
610 Ключевые слова 0_
a Ключевые слова кружки вязания; вязание; вязальные крючки; труд; рукоделие; методика преподавания труда; методические рекомендации; вязание крючком
686 Индексы других классификаций __
a Классификационный индекс 74.263.0
700 Автор _1
a Фамилия Еременко
b Имя Т. И.
4 Код отношения 070
702 Вторичная интеллектуальная ответственность _1
a Фамилия Лихалатова
b Имя Е. С.
4 Код отношения Рецензент
4 Код отношения 675
702 Вторичная интеллектуальная ответственность _1
a Фамилия Касаткина
b Имя А. В.
4 Код отношения Рецензент
4 Код отношения 675
702 Вторичная интеллектуальная ответственность _1
a Фамилия Толмачев
b Имя А.
4 Код отношения 040
c Титул (звания) художник
702 Вторичная интеллектуальная ответственность _1
a Фамилия Лажков
b Имя В.
4 Код отношения Художник
4 Код отношения 040
801 Источник записи _0
a Страна RU
b Организация Муниципальное бюджетное учреждение культуры "Централизованная библиотечная система" г. Сургут (Центральная городская библиотека им. А. С. Пушкина)
g Правила каталогизации КиК/Уланова
801 Источник записи _1
a Страна RU
b Организация Муниципальное бюджетное учреждение культуры "Централизованная библиотечная система" г. Сургут (Центральная городская библиотека им. А. С. Пушкина)
g Правила каталогизации КиК/Уланова
852 Данные о местонахождении __
j Шифр хранения 74.263.0
c Каталожный индекс 74.263
i Авторский знак Е 70
p Инвентарный номер 57598, 19936
901 Тип документа __
t Тип документа m
969 Тип издания __
a Тип издания пособие
990 Данные о заказе (DOS) __
j Количество экземпляров (DOS) 1; 1
t N записи в КСУ для И/У (DOS) 199601; 199101